000 00680nam a2200277Ia 4500
005 20260324145709.0
008 008 260324s9999 xx 000 0 eng d
020 _a9781003367048
037 _aEBOOK
040 _aCRL
040 _beng
040 _cCRL
041 _2eng
041 _aeng
084 _qCRL
100 _aLeonard Broom; F. L. Jones; Patrick McDonnell; Trevor Williams
_91223872
245 4 _aThe Inheritance of Inequality
260 _bTaylor and Francis
260 _c1980
365 _a
365 _b140
856 _uhttp://www.taylorfrancis.com/books/9781003367048
942 _cEBOOK
999 _c1832137
_d1832137